000 00684nam a2200193Ia 4500
003 GCL
008 140319s9999 xx 000 0 ara d
040 _aGCL /
_cGCL
082 0 4 _a258.4
_bح ك
100 1 _aنجم عبدالرحمن خلف
245 1 0 _aالكواكب الدرية فى مناقب المجتهد ابن تيمية /
_cنجم عبدالرحمن خلف
700 1 _aالكرمى المقدسة, مرعى بن يوسف
260 _a[S.N] :
_bدار الغرب الاسلامى ،
_c1986
300 _a292 ص
490 _a
650 0 4 _aالفقهاء الحنابلة
650 0 4 _aابن تيمية، تقى الدين ابوالعباس
942 _2ddc
_cBK
999 _c55636
_d55636